000 00518nam a2200193 a 4500
001 13880
003 CO-ViMGA
008 141112s2004 ck r 000 u spa d
020 _a8425511607
040 _aCO-ViMGA
_bspa
_cCO-ViMGA
082 0 4 _a798.2 B747m
110 _aThe British Horse Society
_920236
245 1 0 _aManual de equitacion
260 _aBarcelona :
_bHispano Europea,
_c1992
300 _a128
590 _aForma de adquisición : Compra
650 1 4 _aEQUITACION - MANUALES
_920237
942 _2ddc
_cBK
999 _c24582
_d24582